000 00403nam a22001697a 4500
005 20170919162535.0
008 170919b xxu||||| |||| 00| 0 eng d
020 _a978-93-325-5755-0
041 _aeng
082 _a621.317
100 _aBose,Bimal K
_93958
245 _aModern Power Electronics and AC Drives
250 _a5th
260 _aNew Delhi
_bPearson
_c2016
300 _a720
942 _cBK
999 _c5595
_d5593